000 00380nam a2200169Ia 4500
008 231221s9999 xx 000 0 und d
041 _aEnglish
082 _a001.6424JAV ECK;1
100 _aEckel, Bruce
245 0 _aThinking in Java
250 _a2nd ed.
260 _c2001
_bPearson Education
300 _a1127
300 _cCD853
650 _aJava
942 _cBK
999 _c200180
_d200180